| 000 | 00738nam a2200253 4500 | ||
|---|---|---|---|
| 008 | |||
| 020 | _a0070990077(pbk.) | ||
| 049 | _aMAIN | ||
| 090 | _aQA300SCH | ||
| 100 | 1 | _aSpiegel, Murray R. | |
| 245 | 1 | 0 | _aSchaum's outline of theory and problems of advanced calculus. |
| 260 |
_aNew York: _bSchaum Pub, _c[1963] |
||
| 300 |
_a384 p. ; _billus. ; _c28 cm. |
||
| 490 | 0 | _aSchaum's outline series. | |
| 500 | _aIncludes index. | ||
| 650 | 0 | _aCalculus. | |
| 650 | 0 |
_aCalculus _xOutlines, syllabi, etc. |
|
| 650 | 0 |
_aCalculus _xProblems, exercises, etc. |
|
| 907 |
_a.b10196754 _b03-01-11 _c23-03-06 |
||
| 003 | |||
| 005 | 20230123134202.0 | ||
| 040 | _cNUST | ||
| 942 |
_cBOOKS _kQA300SCH |
||
| 999 |
_c161524 _d161524 |
||